000 00699cam6a220024100 4500
001 tmp15962641
003 UPRA
005 20190822114731.0
007 gtucu vu
008 951115s1977 gw nnn t eng u
035 _a(Sirsi) r51623
035 _a(UPRA)tmp15962641
040 _cUPRA
041 _geng
100 1 _aWenner, Gerhard.
_6A9773.1
245 1 4 _aThe microcomputer system
_h[transparency].
260 _aBerlin :
_bSiemens,
_c1977.
500 _aAccompanying notes, "bt 011: The microcomputer system" enclosed in folder.
650 0 _aMicroelectronics.
_6S983.1
650 0 _aMinicomputers.
_6S6564.1
949 _aQA76.8
_wlcc
_i-65476
_mMAIN
_tBOOK
_lON-SHELF
004 51623
999 _c133372
_d133372